000 00975nam a2200253 4500
003 OSt
005 20231017102730.0
008 231013s2020 mx a|||f |||| 001 0 spa d
040 _erda
_cChap
090 _aFolleto 18543
100 1 _99770
_aBaltazar Bernal, Obdulia
245 1 4 _aLas orquídeas del Campus Córdoba, su estudio y preservación /
_cpor Obdulia Baltazar Bernal, Víctor M. De La Cruz Martínez y Jesús Zavala Ruiz
264 1 _aMéxico:
_bColegio de Postgraduados,
_c2020.
300 _a38 páginas:
_bIlustraciones
336 _2rdacontent
_atexto
_btxt
337 _2rdamedia
_asin medio
_bn
338 _2rdacarrier
_avolumen
_bnc
504 _aIncluye índice y bibliografía
650 4 _9126728
_aOrquidáceas
_xConservación
650 4 _9188131
_aOrquídeas
_xIdentificación
_zVeracruz
700 1 _9188129
_aZavala Ruiz, Jesús
700 1 _9188133
_aCruz Martínez, Víctor M. De la
942 _2Clasificación Universidad Autónoma Chapingo
_cFOLL
999 _c219263
_d219263